000 00534nam a2200193Ia 4500
003 LK-CoDNM
008 010623t1997 xxu||||| |||| 00| 1 sin d
040 _aLK-CoDNM
_dLK-CoDNM
_eLK-CoDNM
041 _asin
080 _a725.824
_bSEN
100 _aSenanayake, Somaweera
245 _aරූපවාහිනී රචනා කලාව
246 _aRupawahini rachana kalaawa
260 _bDayawansha Jayakodi Company
_aColombo
_c1997
300 _b118, 21.5 cm
650 _aCinema
650 _aLiterature
942 _cBK
999 _c118420
_d118420